[Event "British Chess Championships 2023: AM Tournament U1900"]
[Site "The Venue, De Montfort University, 20 Western Boulevard, Leicester, LE2 7BU"]
[Date "2023.07.24"]
[Round "1"]
[Board "1"]
[White "Matthew, Ian G"]
[Black "Honey, Luke"]
[Result "0-1"]
[WhiteElo "1745"]
[BlackElo "1897"]
[PlyCount "0"]
[EventDate "2023.07.24"]
[EventRounds "6"]
[EventCountry "ENG"]

1. e4 c6 2. Nc3 d5 3. Qf3 dxe4 4. Nxe4 Nf6 5. Bc4 Nbd7 6. d4 Nb6 7. Bb3 Qxd4 8. Nxf6+
exf6 9. Ne2 Qd8 10. Bf4 Be7 11. Rd1 Bd7 12. O-O O-O 13. Nd4 Qc8 14. Qg3 Re8 15. c3
c5 16. Nf3 Bf5 17. Nh4 c4  0-1

[Event "British Chess Championships 2023: AM Tournament U1900"]
[Site "The Venue, De Montfort University, 20 Western Boulevard, Leicester, LE2 7BU"]
[Date "2023.07.24"]
[Round "1"]
[Board "2"]
[White "Gartside, Carl"]
[Black "Berkley, Stephen W"]
[Result "1/2-1/2"]
[WhiteElo "1895"]
[BlackElo "1742"]
[PlyCount "0"]
[EventDate "2023.07.24"]
[EventRounds "6"]
[EventCountry "ENG"]

1. d4 e6 2. Nf3 f5 3. Bf4 Nf6 4. e3 d5 5. c4 Bd6 6. Nc3 Bxf4 7. exf4 O-O 8. Be2 Ne4
9. O-O Nd7 10. cxd5 Nxc3 11. bxc3 exd5 12. Ne5 Nf6 13. Qc2 Be6 14. Rab1 Rb8 15. Rb2
Nd7 16. Nxd7 Qxd7 17. Bd3 g6 18. Qb1 c6 19. Re1 Rfe8 20. Re5 Re7 21. Rbe2 Rbe8 22.
Qe1 Kf8 23. f3 Bg8 24. Rxe7 Rxe7 25. Rxe7 Qxe7 26. Qe5 Qxe5 27. fxe5 Be6 28. Kf2
Kg7 29. Ke3 g5 30. g3 h6 31. Bc2 b5 32. Kd2 Kf7 33. Kc1 Ke7 34. Kb2 Kd7 35. Kb3 Kc7
36. a4 a6 37. a5 Bd7 38. Kb4 Be6 39. Bd3 Bd7 40. Ka3 Be6 41. Kb2 Kd7 42. Kc2 Ke7
43. Kd2 Bd7 44. Ke3 Be6 45. Kf2 Kf7 46. h3 h5 47. h4 gxh4 48. gxh4 Bd7 49. Ke3 Be6
50. Kf4 Kg6 51. Bc2 Bc8 52. e6 Kf6 53. e7 Kxe7 54. Bxf5 Bxf5 55. Kxf5 Kd6 56. Kg6
c5 57. dxc5+ Kxc5 58. f4 d4 59. f5 dxc3 60. f6 c2 61. f7 c1=Q 62. f8=Q+ Kd5 63. Qf5+
Kd4 64. Qf6+ Kd5 65. Qxa6 Qc6+ 66. Qxc6+ Kxc6 67. Kf5 b4 68. Ke4 Kb5 69. a6 Kxa6
70. Kd3 Kb5 71. Kc2 Kc4 72. Kb2 Kd4 73. Kb3 Ke4 74. Kxb4 Kf4 75. Kc3 Kg4 76. Kd2
Kxh4 77. Ke2 Kg3 78. Kf1  1/2-1/2

[Event "British Chess Championships 2023: AM Tournament U1900"]
[Site "The Venue, De Montfort University, 20 Western Boulevard, Leicester, LE2 7BU"]
[Date "2023.07.24"]
[Round "1"]
[Board "3"]
[White "Mottram-Epson, Peter A"]
[Black "Vyas, Alisha"]
[Result "0-1"]
[WhiteElo "1707"]
[BlackElo "1878"]
[PlyCount "0"]
[EventDate "2023.07.24"]
[EventRounds "6"]
[EventCountry "ENG"]

1. d4 Nf6 2. Bf4 g6 3. Nc3 Bg7 4. e4 d6 5. Be2 O-O 6. h4 c5 7. d5 Qb6 8. Bd2 Nxe4
9. Nxe4 Qxb2 10. Rb1 Qxa2 11. Nc3 Qa5 12. Nb5 Qd8 13. h5 a6 14. hxg6 fxg6 15. Nc3
b5 16. Nf3 Nd7 17. Ng5 Nf6 18. Bf3 Rb8 19. Nce4 e6 20. Nxf6+ Qxf6 21. Nxh7 Qe5+ 22.
Be3 Rf5 23. dxe6 Bxe6 24. Bg4 Qc3+ 25. Kf1 Bc4+ 26. Kg1 Re5 27. Qxd6 Ra8 28. Nf6+
Kf7 29. Rh7 Ra7 30. Nd7 Re7 31. Bh6 Re1+ 32. Rxe1 Qxe1+ 33. Kh2 Qc3 34. Ne5+ Kg8
35. Rxg7+ Rxg7 36. Bxg7 Kxg7 37. Qxg6+ Kf8 38. Qf6+ Kg8 39. Qg6+  0-1

[Event "British Chess Championships 2023: AM Tournament U1900"]
[Site "The Venue, De Montfort University, 20 Western Boulevard, Leicester, LE2 7BU"]
[Date "2023.07.24"]
[Round "1"]
[Board "4"]
[White "Khan, Mohammed"]
[Black "Schmerwitz, Reinhard"]
[Result "1/2-1/2"]
[WhiteElo "1873"]
[BlackElo "1683"]
[PlyCount "0"]
[EventDate "2023.07.24"]
[EventRounds "6"]
[EventCountry "ENG"]

1. e4 c5 2. Nc3 e6 3. g3 d5 4. exd5 exd5 5. Bg2 d4 6. Nd5 Nc6 7. d3 Be6 8. Nf4 Bf5
9. Nf3 Be7 10. h3 h6 11. Bd2 Nf6 12. O-O O-O 13. g4 Bh7 14. Ne2 Nd5 15. Qc1 Bf6 16.
a3 Re8 17. Ng3 Qd7 18. Nh5 Bg6 19. Nxf6+ Nxf6 20. Bf4 Nd5 21. Bg3 f6 22. Nd2 f5 23.
gxf5 Bxf5 24. Kh2 Nf6 25. Nf3 Re7 26. Qd2 Rae8 27. Rae1  1/2-1/2

[Event "British Chess Championships 2023: AM Tournament U1900"]
[Site "The Venue, De Montfort University, 20 Western Boulevard, Leicester, LE2 7BU"]
[Date "2023.07.24"]
[Round "1"]
[Board "5"]
[White "Di Cicco, Louis"]
[Black "Clegg, Robert"]
[Result "0-1"]
[WhiteElo "1677"]
[BlackElo "1860"]
[PlyCount "0"]
[EventDate "2023.07.24"]
[EventRounds "6"]
[EventCountry "ENG"]

1. e4 e6 2. d4 d5 3. Nd2 Nf6 4. e5 Nfd7 5. Ngf3 c5 6. c3 Nc6 7. Be2 Be7 8. O-O cxd4
9. cxd4 Qb6 10. Nb3 a5 11. a4 f6 12. exf6 Nxf6 13. Bb5 O-O 14. Ne5 Nd7 15. Be3 Ndxe5
16. dxe5 Qc7 17. f4 Bd7 18. Bd3 g6 19. Qg4 Rf7 20. Rac1 Qd8 21. Nc5 Bxc5 22. Bxc5
Ne7 23. b3 Nf5 24. Bf2 Rc8 25. Qh3 Rc6 26. g4 Ne7 27. Rxc6 Nxc6 28. Qh6 Qe7 29. Bh4
Qc5+ 30. Rf2 Qe3 31. Bb1 Nxe5  0-1

[Event "British Chess Championships 2023: AM Tournament U1900"]
[Site "The Venue, De Montfort University, 20 Western Boulevard, Leicester, LE2 7BU"]
[Date "2023.07.24"]
[Round "1"]
[Board "6"]
[White "Coleman, Frederick"]
[Black "Westcott, Dale"]
[Result "0-1"]
[WhiteElo "1850"]
[BlackElo "1676"]
[PlyCount "0"]
[EventDate "2023.07.24"]
[EventRounds "6"]
[EventCountry "ENG"]

1. d4 d5 2. Bf4 c5 3. c3 Nc6 4. e3 Qb6 5. b3 Nf6 6. Bd3 Bg4 7. Ne2 e6 8. Nd2 cxd4
9. exd4 Ba3 10. Rb1 O-O 11. b4 a5 12. Bd6 Nxb4 13. Bxf8 Nxd3+ 14. Kf1 Qa6 15. Bxa3
Nf4 16. Nf3 Ne4 17. Bb2 Nd3 18. Qc2 Ndxf2 19. Rg1 Nd3 20. h3 Nxb2 21. Qxb2 Bf5 22.
Rc1 Ng3+ 23. Ke1 Ne4 24. Rd1 Rc8 25. g4 Bg6 26. Ne5 Qd6 27. Qxb7 Rb8 28. Qc6 Qe7
29. Nf3 f5 30. Nf4 Qa3 31. Rg2 Be8 32. Qxe6+ Bf7 33. Qc6 Nxc3 34. Ra1 Nb1 35. Ne5
Qe3+ 36. Re2 Qg1# 37. Rg2  0-1

[Event "British Chess Championships 2023: AM Tournament U1900"]
[Site "The Venue, De Montfort University, 20 Western Boulevard, Leicester, LE2 7BU"]
[Date "2023.07.24"]
[Round "1"]
[Board "7"]
[White "Li, Xiaofan"]
[Black "Lawrence, Spencer"]
[Result "1/2-1/2"]
[WhiteElo "1673"]
[BlackElo "1849"]
[PlyCount "0"]
[EventDate "2023.07.24"]
[EventRounds "6"]
[EventCountry "ENG"]

1. e4 c5 2. Nc3 Nc6 3. f4 e6 4. Nf3 Nge7 5. Bb5 a6 6. Bxc6 Nxc6 7. d3 b5 8. O-O Be7
9. Ne2 Bb7 10. Ng3 d5 11. e5 d4 12. Qe2 Qd5 13. b3 h5 14. Qe4 Nb4 15. Qe2 Nc6 16.
Qe4 Nb4 17. Qe2 h4 18. Ne4 h3 19. g4 Qc6 20. f5 O-O-O 21. Ng3 Nd5 22. Bd2 Nc3 23.
Bxc3 dxc3 24. Ne4 exf5 25. gxf5 Qd7 26. Nfg5 Qd4+ 27. Qf2 Bxg5 28. Nxg5 Rh4 29. Qxd4
Rdxd4 30. Nxf7 Rdg4+ 31. Kf2  1/2-1/2

[Event "British Chess Championships 2023: AM Tournament U1900"]
[Site "The Venue, De Montfort University, 20 Western Boulevard, Leicester, LE2 7BU"]
[Date "2023.07.24"]
[Round "1"]
[Board "8"]
[White "Watson, Simon"]
[Black "Crompton, Robert"]
[Result "1/2-1/2"]
[WhiteElo "1835"]
[BlackElo "1662"]
[PlyCount "0"]
[EventDate "2023.07.24"]
[EventRounds "6"]
[EventCountry "ENG"]

1. e4 c5 2. Nc3 d6 3. g3 g6 4. Bg2 Bg7 5. d3 Nc6 6. Be3 Nf6 7. h3 O-O 8. Qd2 Rb8
9. Nge2 b5 10. Bh6 Bxh6 11. Qxh6 Nd4 12. Qd2 b4 13. Nd1 Nxe2 14. Qxe2 Bb7 15. O-O
Qc7 16. Ne3 e6 17. Ng4 Nxg4 18. Qxg4 e5 19. f4 f5 20. exf5 Bxg2 21. Kxg2 Rxf5 22.
fxe5 Rxe5 23. Rf2 Rbe8 24. Raf1 Qb7+ 25. Qf3 Qxf3+ 26. Rxf3 Re2+ 27. R3f2 Kg7 28.
Rxe2 Rxe2+ 29. Rf2 Re1 30. Rf1 Re2+ 31. Rf2 Re1  1/2-1/2

[Event "British Chess Championships 2023: AM Tournament U1900"]
[Site "The Venue, De Montfort University, 20 Western Boulevard, Leicester, LE2 7BU"]
[Date "2023.07.24"]
[Round "1"]
[Board "9"]
[White "Mathur, Pranav"]
[Black "Reghu, Jyothika Ullukaranparambil"]
[Result "0-1"]
[WhiteElo "1662"]
[BlackElo "1833"]
[PlyCount "0"]
[EventDate "2023.07.24"]
[EventRounds "6"]
[EventCountry "ENG"]

1. d4 Nf6 2. Nf3 e6 3. Bf4 b6 4. e3 Bb7 5. Bd3 Be7 6. Nbd2 d6 7. h3 Nbd7 8. e4 h6
9. Qe2 c5 10. c3 Qc7 11. Rd1 e5 12. Bh2 O-O 13. dxe5 Nxe5 14. Nxe5 dxe5 15. Nc4 Nd7
16. Qg4 b5 17. Ne3 c4 18. Nf5 Bg5 19. h4 Nf6 20. Qg3 cxd3 21. hxg5 Nxe4 22. Qe3 Nxg5
23. Bxe5 Bxg2 24. Nh4 Qxe5 25. Nxg2 Qxe3+ 26. Nxe3 Rad8 27. Kf1 f5 28. Ng2 f4 29.
Rh4 Ne6 30. Ne1 d2 31. Nf3 Rf7 32. Ne5 Rf5 33. Nc6 Rd7 34. Ke2 Rc5 35. Nb4 Re5+ 36.
Kf1 a5 37. Nc6 Rg5 38. Nxa5 f3 39. Rh3 Rd3 40. Rh4 h5 41. Nc6 Rd6 42. Nd4 Nxd4 43.
Rxd4 Rxd4 44. cxd4 h4 45. Rxd2 h3 46. Rd3 h2 47. Rxf3 h1=Q+ 48. Ke2 Qc1  0-1

[Event "British Chess Championships 2023: AM Tournament U1900"]
[Site "The Venue, De Montfort University, 20 Western Boulevard, Leicester, LE2 7BU"]
[Date "2023.07.24"]
[Round "1"]
[Board "11"]
[White "Kumar, Arnav"]
[Black "Page, Martin C"]
[Result "1/2-1/2"]
[WhiteElo "1649"]
[BlackElo "1821"]
[PlyCount "0"]
[EventDate "2023.07.24"]
[EventRounds "6"]
[EventCountry "ENG"]

1. e4 e5 2. Nf3 Nc6 3. Bb5 a6 4. Ba4 Nf6 5. O-O Be7 6. d3 b5 7. Bb3 O-O 8. c3 d5
9. exd5 Nxd5 10. h3 Be6 11. Re1 Bf6 12. Bxd5 Qxd5 13. Bg5 Rad8 14. Bxf6 gxf6 15.
Nbd2 f5 16. Nf1 f6 17. d4 e4 18. Nh4 f4 19. Qd2 f3 20. gxf3 Qg5+ 21. Qxg5+ fxg5 22.
Ng2 Bxh3 23. fxe4 Rf7 24. Nh2 Rdf8 25. Re2 Nd8 26. a4 Ne6 27. d5 Nf4 28. Nxf4 Rxf4
29. axb5 axb5 30. Ra7 h5 31. Rxc7 Ra8 32. Re1 Ra2 33. d6 Rxb2 34. d7 Bxd7 35. Rxd7
Rfxf2 36. Nf1 g4 37. e5 Rfe2 38. Rxe2 Rxe2 39. Rd5  1/2-1/2

[Event "British Chess Championships 2023: AM Tournament U1900"]
[Site "The Venue, De Montfort University, 20 Western Boulevard, Leicester, LE2 7BU"]
[Date "2023.07.24"]
[Round "1"]
[Board "12"]
[White "Livesey, R Nigel"]
[Black "Homer, Neil S"]
[Result "1-0"]
[WhiteElo "1811"]
[BlackElo "1648"]
[PlyCount "0"]
[EventDate "2023.07.24"]
[EventRounds "6"]
[EventCountry "ENG"]

1. Nf3 d5 2. b3 c5 3. Bb2 Nf6 4. e3 e6 5. d4 Be7 6. Bd3 Nc6 7. Nbd2 O-O 8. O-O cxd4
9. exd4 Bd6 10. a3 a6 11. Re1 Qb6 12. c4 Qc7 13. c5 Bf4 14. g3 Bh6 15. b4 Bd7 16.
Ne5 Bxd2 17. Qxd2 Ne7 18. Qg5 Ng6 19. Ng4 Nxg4 20. Qxg4 e5 21. Bf5 Bxf5 22. Qxf5
exd4 23. Bxd4 Rad8 24. Re2 Qd7 25. Qxd7 Rxd7 26. Rae1 Rdd8 27. Kg2 Rc8 28. h4 h5
29. Re3 Rfd8 30. Rf3 Re8 31. Rxe8+ Rxe8 32. Rf5 Re2 33. Rxd5 Ra2 34. Rd8+ Kh7 35.
Rd7 Nh8 36. Rxb7 Rxa3 37. c6  1-0

[Event "British Chess Championships 2023: AM Tournament U1900"]
[Site "The Venue, De Montfort University, 20 Western Boulevard, Leicester, LE2 7BU"]
[Date "2023.07.24"]
[Round "1"]
[Board "13"]
[White "Zigmond, Andrew"]
[Black "Coward, Neil"]
[Result "1/2-1/2"]
[WhiteElo "1647"]
[BlackElo "1800"]
[PlyCount "0"]
[EventDate "2023.07.24"]
[EventRounds "6"]
[EventCountry "ENG"]

1. e4 c5 2. Nf3 Nc6 3. d4 cxd4 4. Nxd4 g6 5. Nc3 Bg7 6. Be3 Nf6 7. f3 O-O 8. Qd2
d5 9. exd5 Nxd5 10. Nxc6 bxc6 11. Nxd5 Qxd5 12. Qxd5 cxd5 13. O-O-O Rb8 14. c3 Bb7
15. Bc5 Bf6 16. Re1 a6 17. Bd3 Rfe8 18. h4 h5 19. Be3 e6 20. g4 d4 21. Bxd4 Bxd4
22. cxd4 Bxf3 23. Rhg1 Bxg4 24. Bxa6 Ra8 25. Be2 Bxe2 26. Rxe2 Rxa2 27. Rge1 Ra1+
28. Kd2 Rxe1 29. Rxe1 Rb8 30. Kc3 Kf8 31. b4 Rc8+ 32. Kb3 Ke7 33. d5 Kd6 34. dxe6
fxe6 35. Rg1 Rg8 36. Rd1+ Kc6 37. Rc1+ Kd6 38. Rd1+ Ke7 39. Rg1 e5 40. b5 Kd6 41.
Kb4 Kd5 42. Rd1+ Ke4 43. Re1 Kf4 44. b6 e4 45. Kb5 e3 46. b7 Kf3 47. Rf1+ Kg2 48.
Rf7 g5 49. hxg5 Rxg5+ 50. Kb6 Rg8 51. Re7 Kf2 52. Rf7+ Ke1 53. Rh7 e2 54. Rxh5 Re8
55. Rh1+ Kf2 56. Ka7 e1=Q 57. Rxe1 Rxe1 58. b8=Q Ra1+ 59. Kb7 Rb1+ 60. Kc7 Rxb8 61.
Kxb8  1/2-1/2

[Event "British Chess Championships 2023: AM Tournament U1900"]
[Site "The Venue, De Montfort University, 20 Western Boulevard, Leicester, LE2 7BU"]
[Date "2023.07.24"]
[Round "1"]
[Board "14"]
[White "Murrell, Mark R A"]
[Black "Mottram, Paul"]
[Result "1/2-1/2"]
[WhiteElo "1800"]
[BlackElo "1642"]
[PlyCount "0"]
[EventDate "2023.07.24"]
[EventRounds "6"]
[EventCountry "ENG"]

1. d4 d5 2. e3 Nf6 3. Bd3 c5 4. c3 Nc6 5. f4 Bg4 6. Nf3 e6 7. O-O Bd6 8. Qe1 O-O
9. Ne5 Bf5 10. Nd2 Bxd3 11. Nxd3 cxd4 12. exd4 Ne7 13. Nf3 Ne4 14. Ng5 Nxg5 15. fxg5
Qc7 16. Bf4 Ng6 17. Bxd6 Qxd6 18. h4 Ne7 19. Ne5 Ng6 20. h5 Nxe5 21. Qxe5 Qxe5 22.
dxe5 Rac8 23. Rf4 b5 24. Raf1 Rc4 25. g3 Rxf4 26. Rxf4 g6 27. h6 Rc8 28. a4 a6 29.
axb5 axb5 30. Rb4 Rb8 31. b3 Kf8 32. c4 dxc4 33. bxc4 Ke7 34. cxb5 Kd7 35. Kf2 Kc7
36. Ke3 Kb6 37. Rd4 Kxb5 38. Rd7 Rf8 39. Kd4 Kc6 40. Re7 Rd8+ 41. Kc4 Rf8 42. Ra7
Kb6 43. Rd7 Kc6 44. Rd6+ Kc7 45. Ra6 Kb7 46. Ra3 Rc8+ 47. Kb5 Rd8 48. Kc4 Rc8+ 49.
Kd4 Rd8+ 50. Ke4 Rd5 51. Rc3 Rd7 52. Rc5 Rc7 53. Rb5+ Kc8 54. Rb6 Rc4+ 55. Kf3 Rc3+
56. Kf4 Rc4+ 57. Kf3 Rc3+ 58. Kf4  1/2-1/2

[Event "British Chess Championships 2023: AM Tournament U1900"]
[Site "The Venue, De Montfort University, 20 Western Boulevard, Leicester, LE2 7BU"]
[Date "2023.07.24"]
[Round "1"]
[Board "15"]
[White "Merchant, Steve"]
[Black "Willoughby, Andrew P"]
[Result "0-1"]
[WhiteElo "1641"]
[BlackElo "1797"]
[PlyCount "0"]
[EventDate "2023.07.24"]
[EventRounds "6"]
[EventCountry "ENG"]

1. d4 Nf6 2. Nc3 c6 3. Bf4 d5 4. e3 Bf5 5. f3 e6 6. g4 Bg6 7. h4 h6 8. Bd3 Bxd3 9.
Qxd3 Nbd7 10. Nge2 a6 11. e4 dxe4 12. Nxe4 Nxe4 13. fxe4 Be7 14. Qg3 Nf6 15. Qf3
Qa5+ 16. Bd2 Bb4 17. c3 Be7 18. Rf1 O-O-O 19. e5 Nd5 20. c4 Bb4 21. Qd3 Nb6 22. Rxf7
Bxd2+ 23. Qxd2 Qxd2+ 24. Kxd2 Nxc4+ 25. Kc3 Ne3 26. Rxg7 Rdg8 27. Re7 Nd5+  0-1

[Event "British Chess Championships 2023: AM Tournament U1900"]
[Site "The Venue, De Montfort University, 20 Western Boulevard, Leicester, LE2 7BU"]
[Date "2023.07.24"]
[Round "1"]
[Board "16"]
[White "Colclough, Ryan"]
[Black "Shaddick, John"]
[Result "1/2-1/2"]
[WhiteElo "1795"]
[BlackElo "1637"]
[PlyCount "0"]
[EventDate "2023.07.24"]
[EventRounds "6"]
[EventCountry "ENG"]

1. e4 e6 2. d4 d5 3. Nc3 Nf6 4. e5 Nfd7 5. f4 c5 6. Nf3 Nc6 7. Be3 Be7 8. Qd2 cxd4
9. Nxd4 a6 10. O-O-O Bb4 11. h4 Nc5 12. Nxc6 bxc6 13. Bxc5 Bxc5 14. Ne4 Be7 15. Ng5
h6 16. Nf3 Bb7 17. g4 Qb6 18. Be2 O-O-O 19. Rhe1 c5 20. Bd3 c4 21. Bf1 Bc6 22. f5
Kb8 23. Re2 Rc8 24. Rh2 Ba4 25. Qd4 Bc5 26. Qc3 Bb4 27. Qd4 Bc5 28. Qc3 Bb4 29. Qd4
Bc5  1/2-1/2

[Event "British Chess Championships 2023: AM Tournament U1900"]
[Site "The Venue, De Montfort University, 20 Western Boulevard, Leicester, LE2 7BU"]
[Date "2023.07.24"]
[Round "1"]
[Board "17"]
[White "Horlock, Peter J"]
[Black "Willoughby, Christopher"]
[Result "1-0"]
[WhiteElo "1628"]
[BlackElo "1794"]
[PlyCount "0"]
[EventDate "2023.07.24"]
[EventRounds "6"]
[EventCountry "ENG"]

1. e4 e5 2. Nf3 Nc6 3. d4 exd4 4. Nxd4 Bc5 5. Be3 Qf6 6. c3 Nxd4 7. Bxd4 Bxd4 8.
cxd4 Qb6 9. Qd2 Ne7 10. Nc3 c6 11. Be2 O-O 12. O-O d5 13. e5 Bf5 14. Rad1 Rac8 15.
g4 Bd7 16. Na4 Qd8 17. Nc5 b6 18. Nxd7 Qxd7 19. f4 f6 20. f5 fxe5 21. dxe5 Qc7 22.
Qc3 Rce8 23. e6 Rf6 24. Bd3 Rh6 25. Rd2 c5 26. g5 Rh5 27. Rg2 d4 28. Qe1 Kh8 29.
f6 gxf6 30. gxf6 Rg8 31. Rxg8+ Kxg8 32. Rf2 Rg5+ 33. Rg2 Rxg2+ 34. Kxg2 Qc6+ 35.
Kg1 Nd5 36. Qg3+ Kf8 37. Qg7+ Ke8 38. Qg8#  1-0

[Event "British Chess Championships 2023: AM Tournament U1900"]
[Site "The Venue, De Montfort University, 20 Western Boulevard, Leicester, LE2 7BU"]
[Date "2023.07.24"]
[Round "1"]
[Board "18"]
[White "Peer, Musa"]
[Black "Veeturi, Yashvardhan"]
[Result "1/2-1/2"]
[WhiteElo "1791"]
[BlackElo "1361"]
[PlyCount "0"]
[EventDate "2023.07.24"]
[EventRounds "6"]
[EventCountry "ENG"]

1. d4 Nf6 2. c4 g6 3. Nc3 d6 4. g3 Bg7 5. Bg2 O-O 6. Nf3 Nbd7 7. O-O e5 8. e4 Ne8
9. dxe5 dxe5 10. Bg5 f6 11. Be3 c6 12. Qc2 Nb6 13. Bc5 Rf7 14. b3 Nc7 15. Rad1 Rd7
16. Rxd7 Bxd7 17. Rd1 Qe8 18. Bxb6 axb6 19. Na4 Ra6 20. Qd3 Bg4 21. Qd8 Qxd8 22.
Rxd8+ Bf8 23. Rb8 b5 24. cxb5 cxb5 25. Nc5 Rxa2 26. h3 Bxf3 27. Bxf3 Na6 28. Nxa6
Ra1+ 29. Kg2 bxa6 30. Be2 Ra2 31. Kf1  1/2-1/2

[Event "British Chess Championships 2023: AM Tournament U1900"]
[Site "The Venue, De Montfort University, 20 Western Boulevard, Leicester, LE2 7BU"]
[Date "2023.07.24"]
[Round "1"]
[Board "19"]
[White "Hayes, Solomon"]
[Black "Tomy, Jeff"]
[Result "1/2-1/2"]
[WhiteElo "1613"]
[BlackElo "1791"]
[PlyCount "0"]
[EventDate "2023.07.24"]
[EventRounds "6"]
[EventCountry "ENG"]

1. e4 c5 2. Nf3 Nc6 3. Bb5 g6 4. O-O Bg7 5. Re1 e5 6. c3 Nge7 7. h3 O-O 8. d3 d6
9. Be3 a6 10. Ba4 h6 11. d4 cxd4 12. cxd4 b5 13. Bb3 Bb7 14. Nc3 Kh7 15. a4 b4 16.
Nd5 Nxd5 17. Bxd5 Na5 18. Bxb7 Nxb7 19. Qb3 a5 20. Qd5 Qe7 21. Rac1 f5 22. Rc6 Rac8
23. Rec1 Rxc6 24. Rxc6 exd4 25. Nxd4 fxe4 26. Ne6 Rf5 27. Qc4 d5 28. Qc1 Nd8 29.
Nxd8 Qxd8 30. Rc7 Re5 31. Bxh6 Re7 32. Bxg7 Qxc7 33. Qh6+ Kg8 34. Qh8+ Kf7 35. Qf8+
Ke6 36. Qf6+ Kd7 37. Qxg6 Qc1+ 38. Kh2 Qf4+ 39. Kg1 Rf7 40. Bd4 Re7 41. h4 Qc1+ 42.
Kh2 Qf4+ 43. Kg1 Qd2 44. Qf5+ Kd6 45. Qf6+  1/2-1/2

[Event "British Chess Championships 2023: AM Tournament U1900"]
[Site "The Venue, De Montfort University, 20 Western Boulevard, Leicester, LE2 7BU"]
[Date "2023.07.24"]
[Round "1"]
[Board "20"]
[White "Acharya, Kandara"]
[Black "Kumar, Sachin"]
[Result "1-0"]
[WhiteElo "1783"]
[BlackElo "1613"]
[PlyCount "0"]
[EventDate "2023.07.24"]
[EventRounds "6"]
[EventCountry "ENG"]

1. c4 e5 2. g3 Nc6 3. Bg2 Nf6 4. Nc3 d6 5. Nf3 Be7 6. O-O O-O 7. d4 exd4 8. Nxd4
Bd7 9. b3 Re8 10. Bb2 Rb8 11. e4 a6 12. Qd2 h6 13. Rad1 Bg4 14. Nxc6 bxc6 15. f3
Bd7 16. Ne2 Qc8 17. Nf4 Be6 18. Qc3 Rd8 19. e5 dxe5 20. Rxd8+ Bxd8 21. Qxe5 Bd7 22.
Nd3 Bh3 23. Nc5 Bxg2 24. Kxg2 Kf8 25. Ne4 Qe6 26. Qxe6 fxe6 27. Nc5 Ra8 28. Nxe6+
Kf7 29. Re1 a5 30. Ba3 Ng8 31. Nd4 Ra6 32. Bb2 Bf6 33. Re2 Bxd4 34. Bxd4 Ra8 35.
Be5 Ra7 36. Rd2 Nf6 37. Bxf6 Kxf6 38. Rd7 Rb7 39. Kf2 Ra7 40. Ke3 Rb7 41. Kd4 a4
42. bxa4 Ra7 43. Kc5 Rxa4 44. Rd2 Ke6 45. Kd4 Ra3 46. f4 Ra5 47. Kc3 Ra4 48. Kb3
Ra5 49. Kb4 Ra6 50. a4 Ra7 51. Ra2 Kd6 52. a5 Rb7+ 53. Kc3 Ra7 54. g4 c5 55. Kd3
c6 56. a6 Ke6 57. Ke4 g6 58. h4 Kf6 59. f5 Re7+ 60. Kf4 g5+ 61. hxg5+ hxg5+ 62. Kf3
Ra7 63. Ra1 Kf7 64. Ra5 Kf6 65. Rxc5 Rxa6 66. Ke4 Kf7 67. Ke5 Ke7 68. f6+ Kd7 69.
Kf5 Kd6 70. Re5 Ra8 71. c5+ Kd7 72. Re7+  1-0

[Event "British Chess Championships 2023: AM Tournament U1900"]
[Site "The Venue, De Montfort University, 20 Western Boulevard, Leicester, LE2 7BU"]
[Date "2023.07.24"]
[Round "1"]
[Board "21"]
[White "Morris, Simon"]
[Black "Judd, Ian P"]
[Result "1/2-1/2"]
[WhiteElo "1604"]
[BlackElo "1780"]
[PlyCount "0"]
[EventDate "2023.07.24"]
[EventRounds "6"]
[EventCountry "ENG"]

1. e4 g6 2. d4 Bg7 3. Nc3 d6 4. Be3 Nf6 5. Qd2 c6 6. Bh6 O-O 7. O-O-O Qa5 8. Kb1
Na6 9. h4 Bxh6 10. Qxh6 Qh5 11. Qd2 Kg7 12. Be2 Bg4 13. f3 Be6 14. d5 cxd5 15. g4
Qe5 16. f4 Nxe4 17. fxe5 Nxd2+ 18. Rxd2 dxe5 19. Nf3 d4 20. Ne4 f6 21. Rg1 Rac8 22.
Ne1 Nb4 23. a3 Nd5 24. Nd3 b6 25. Ndf2 a5 26. Nd1 Nf4 27. Bd3 Nxd3 28. cxd3 Bb3 29.
Ndf2 Rc6 30. Ng3 Rfc8 31. h5 a4 32. Nge4 Bc2+ 33. Ka2 Bb3+ 34. Kb1 Bc2+ 35. Ka2  1/2-1/2

[Event "British Chess Championships 2023: AM Tournament U1900"]
[Site "The Venue, De Montfort University, 20 Western Boulevard, Leicester, LE2 7BU"]
[Date "2023.07.24"]
[Round "1"]
[Board "22"]
[White "O'gorman, Brendan"]
[Black "Mckenna, Joshua"]
[Result "0-1"]
[WhiteElo "1779"]
[BlackElo "1600"]
[PlyCount "0"]
[EventDate "2023.07.24"]
[EventRounds "6"]
[EventCountry "ENG"]

1. d4 d5 2. g3 Nf6 3. Bg2 Bf5 4. c4 e6 5. Nc3 Bb4 6. Bd2 O-O 7. cxd5 Bxc3 8. Bxc3
exd5 9. Nf3 a5 10. O-O Nbd7 11. Nh4 Bg4 12. f3 Be6 13. Qc2 Nb6 14. b3 c6 15. f4 Bg4
16. h3 Bh5 17. Nf3 Bxf3 18. exf3 Nc8 19. Rfe1 Nh5 20. Kh2 Nd6 21. a4 Qd7 22. h4 Qc7
23. Re5 g6 24. Bh3 Ng7 25. Rae1 Rfe8 26. Rxe8+ Rxe8 27. Rxe8+ Ndxe8 28. Qd2 b6 29.
f5 Nh5 30. Qg5 h6  0-1

[Event "British Chess Championships 2023: AM Tournament U1900"]
[Site "The Venue, De Montfort University, 20 Western Boulevard, Leicester, LE2 7BU"]
[Date "2023.07.24"]
[Round "1"]
[Board "23"]
[White "Rao, Shree"]
[Black "Di-Vetta, Andrew"]
[Result "0-1"]
[WhiteElo "1599"]
[BlackElo "1776"]
[PlyCount "0"]
[EventDate "2023.07.24"]
[EventRounds "6"]
[EventCountry "ENG"]

1. e4 c5 2. Nf3 d6 3. Bb5+ Nd7 4. c3 Qb6 5. Ba4 Ngf6 6. Qe2 e5 7. Bb3 Be7 8. Qc4
O-O 9. O-O h6 10. Re1 Qc7 11. d4 Nb6 12. Qd3 c4 13. Bxc4 Qxc4 14. Qd2 exd4 15. cxd4
Bg4 16. Nh4 Rac8 17. Nc3 Bd7 18. Nf5 Bxf5 19. exf5 Rfe8 20. Re3 Bf8 21. Rg3 Qxd4
22. h3 Qxd2 23. Bxd2 Kh7 24. Re1 Rxe1+ 25. Bxe1 Re8 26. Re3 Rxe3 27. fxe3 Nc4 28.
Kf2 Nxb2 29. Ke2 d5 30. Nb5 a6 31. Nd4 Nc4 32. Kd3 Ne4 33. Ke2 Be7 34. Nf3 Bd6 35.
g4 Kg8 36. Kd3 Ne5+ 37. Nxe5 Bxe5 38. Ke2 Nc3+ 39. Bxc3 Bxc3 40. Kd3 Be5 41. Ke2
b5 42. Kd3 b4 43. Kc2 Kf8 44. Kd3 a5 45. Kc2 a4 46. h4 Bg3 47. h5 Bf2 48. Kd2 b3
49. axb3 a3 50. Kc2 Bxe3 51. b4 Ke7 52. Kb3 Bc1 53. b5 Kd7 54. b6 d4  0-1